[Event "DVM U12 2016"]
[Site "Magdeburg GER"]
[Date "2016.12.27"]
[Round "2"]
[White "Breitzmann, Sander"]
[Black "Gallasch, Jonas"]
[Result "0-1"]
[Termination "normal"]
[Board "7.1"]
[WhiteElo "1705"]
[BlackElo "1709"]
[WhiteTeam "SV Empor Berlin"]
[BlackTeam "SG Porz"]
[PlyCount "112"]
[WhiteFideId "12987085"]
[BlackFideId "16222474"]
[EventCountry "GER"]
[EventRounds "7"]
[EventType "team-swiss"]
[EventDate "2016.12.26"]

1. e4 e6 2. d4 d5 3. Nc3 Nf6 4. e5 Nfd7 5. f4 c5 6. Nf3 Nc6 7. Be3 a6 8. g3 Qb6
9. Na4 Qa5+ 10. c3 cxd4 11. Nxd4 Nxd4 12. Bxd4 b5 13. Nc5 Bxc5 14. Bxc5 Nxc5
15. b4 Qa3 16. bxc5 Qxc3+ 17. Ke2 Qc4+ 18. Qd3 Qxc5 19. Bg2 Bb7 20. Rhc1 Qb6
21. a4 Kd7 22. a5 Qa7 23. Qa3 Rhc8 24. Qd6+ Ke8 25. f5 Rd8 26. Qb4 Rac8 27. f6
gxf6 28. exf6 Bc6 29. Qg4 Kd7 30. Rc2 Qc7 31. Rd1 Qe5+ 32. Kf1 Qxf6+ 33. Rf2
Qg6 34. Bxd5 Qxg4 35. Bf3+ Ke7 36. Bxg4 Rxd1+ 37. Bxd1 Bd5 38. Ke2 Rc3 39. Rf4
Bc4+ 40. Kd2 Ra3 41. Rh4 Bd3 42. g4 Bg6 43. g5 Rxa5 44. Rd4 Ra2+ 45. Kc3 Rxh2
46. Kb4 Rh3 47. Ka5 Rd3 48. Rxd3 Bxd3 49. Kxa6 Kd6 50. Bh5 Bg6 51. Bf3 b4 52.
Bd1 Kc5 53. Bb3 Kd4 54. Kb5 Kc3 55. Ka4 e5 56. Bd1 e4 0-1

[Event "DVM U12 2016"]
[Site "Magdeburg GER"]
[Date "2016.12.27"]
[Round "2"]
[White "Parshykov, Edgar"]
[Black "Nitsche, Nikolai"]
[Result "1/2-1/2"]
[Termination "normal"]
[Board "7.2"]
[WhiteElo "1578"]
[BlackElo "1314"]
[WhiteTeam "SG Porz"]
[BlackTeam "SV Empor Berlin"]
[PlyCount "108"]
[WhiteFideId "16222458"]
[BlackFideId "16221036"]
[EventCountry "GER"]
[EventRounds "7"]
[EventType "team-swiss"]
[EventDate "2016.12.26"]

1. e4 e6 2. d3 d5 3. Qe2 Nf6 4. Nf3 Be7 5. g3 c6 6. Bg2 O-O 7. O-O Qb6 8. c3
Nbd7 9. e5 Ne8 10. d4 c5 11. Be3 Qc6 12. Qd3 b5 13. Ng5 Bxg5 14. Bxg5 c4 15.
Qc2 f6 16. exf6 Ndxf6 17. Nd2 a5 18. Nf3 Nd6 19. Ne5 Qc7 20. Rae1 Nde4 21. Bc1
b4 22. f3 Nd6 23. Bh3 Nf5 24. g4 Nd6 25. Bd2 bxc3 26. bxc3 a4 27. Rb1 Nd7 28.
Nxd7 Bxd7 29. Be1 Nb5 30. Bg3 Qa5 31. Rbc1 a3 32. g5 Qd8 33. Qd2 Nc7 34. Bg4
Rb8 35. Rb1 Rxb1 36. Rxb1 Nb5 37. Kg2 Qe7 38. h4 g6 39. Qe3 Qf7 40. Bxe6 Bxe6
41. Rxb5 Qf5 42. Qe2 Re8 43. Ra5 Qd3 44. Qxd3 cxd3 45. Kf2 Bf5 46. Be5 Rf8 47.
Ke3 Rf7 48. Ra8+ Rf8 49. Rxf8+ Kxf8 50. Bd6+ Ke8 51. Bxa3 Kd7 52. Bb4 Kc6 53.
a4 Kb6 54. Kd2 Kc6 1/2-1/2

[Event "DVM U12 2016"]
[Site "Magdeburg GER"]
[Date "2016.12.27"]
[Round "2"]
[White "Beer, Ludwig"]
[Black "Kogan, Gabriel"]
[Result "0-1"]
[Termination "normal"]
[Board "7.3"]
[WhiteElo "1235"]
[BlackElo "1467"]
[WhiteTeam "SV Empor Berlin"]
[BlackTeam "SG Porz"]
[PlyCount "64"]
[WhiteFideId "16202813"]
[BlackFideId "16238265"]
[EventCountry "GER"]
[EventRounds "7"]
[EventType "team-swiss"]
[EventDate "2016.12.26"]

1. e4 e5 2. Nf3 Nc6 3. Bc4 Bc5 4. c3 Nf6 5. d3 h6 6. Nbd2 d6 7. Bb3 O-O 8. O-O
Be6 9. Re1 Ng4 10. Nf1 Bxf2+ 11. Kh1 Bxe1 12. Qxe1 Na5 13. Qg3 Nxb3 14. axb3
Kh7 15. h3 Nf6 16. Ne3 Nh5 17. Qf2 Qd7 18. Qh4 Nf4 19. d4 Ng6 20. Qg3 exd4 21.
cxd4 Bxb3 22. Nf5 Be6 23. N3h4 Rae8 24. Qg4 Bxf5 25. Nxf5 Qe6 26. Qh5 Ne7 27.
Ng3 a6 28. e5 Qg6 29. Qh4 Nf5 30. Nxf5 Qxf5 31. Bf4 g5 32. g4 Qxf4 0-1

[Event "DVM U12 2016"]
[Site "Magdeburg GER"]
[Date "2016.12.27"]
[Round "2"]
[White "Sabirov, Rafael"]
[Black "Eulenstein, Conrad"]
[Result "1/2-1/2"]
[Termination "normal"]
[Board "7.4"]
[WhiteElo "1390"]
[BlackElo "1133"]
[WhiteTeam "SG Porz"]
[BlackTeam "SV Empor Berlin"]
[PlyCount "85"]
[WhiteFideId "16241185"]
[EventCountry "GER"]
[EventRounds "7"]
[EventType "team-swiss"]
[EventDate "2016.12.26"]

1. e4 e5 2. Nf3 Nc6 3. Bb5 Nf6 4. d3 Bc5 5. O-O d6 6. Bg5 h6 7. Bh4 O-O 8. h3
Be6 9. c3 Bb6 10. Re1 a6 11. Ba4 Bd7 12. Nbd2 Re8 13. Bc2 Nb8 14. d4 Bb5 15. a4
Bd7 16. dxe5 dxe5 17. Nc4 Nc6 18. Bg3 Ba7 19. Ncxe5 Nxe5 20. Nxe5 Be6 21. Qxd8
Raxd8 22. Rad1 c6 23. Kh1 Nd7 24. Nxd7 Rxd7 25. Rxd7 Bxd7 26. Rd1 Be6 27. f3 f6
28. Rd2 Bb6 29. b4 Rd8 30. Rxd8+ Bxd8 31. Kg1 Kf7 32. Kf2 Bb6+ 33. Ke2 a5 34.
Kd3 axb4 35. cxb4 Ke7 36. Kc3 Ba7 37. Bb3 Bd7 38. f4 Kd8 39. e5 fxe5 40. fxe5
Bb8 41. Kd4 Ke7 42. a5 Bc7 43. Kc5 1/2-1/2

[Event "DVM U12 2016"]
[Site "Magdeburg GER"]
[Date "2016.12.27"]
[Round "2"]
[White "Zeuner, Ole"]
[Black "Meier, Silas"]
[Result "1-0"]
[Termination "normal"]
[Board "8.1"]
[WhiteElo "1701"]
[BlackElo "1535"]
[WhiteTeam "Schachzwerge Magdeburg"]
[BlackTeam "Schachakademie Paderborn"]
[PlyCount "185"]
[WhiteFideId "12943576"]
[BlackFideId "16210662"]
[EventCountry "GER"]
[EventRounds "7"]
[EventType "team-swiss"]
[EventDate "2016.12.26"]

1. e4 c6 2. d4 d5 3. e5 Bf5 4. Nf3 e6 5. Be2 Nd7 6. O-O Ne7 7. Nbd2 c5 8. c4
cxd4 9. Nb3 dxc4 10. Bxc4 Nc6 11. Bb5 Be4 12. Nbxd4 Rc8 13. Be3 a6 14. Bxc6
Bxc6 15. Nxc6 Rxc6 16. Qe2 Be7 17. Rfd1 O-O 18. Rd2 Qc7 19. Bd4 Bb4 20. Rdd1
Rc8 21. h3 Nb6 22. a3 Be7 23. b4 Nd5 24. Rab1 b5 25. Bb2 Rc2 26. Qe1 Nf4 27.
Rbc1 Qb7 28. Rxc2 Rxc2 29. Rd2 Rc7 30. Qd1 Qc8 31. Kh2 Nd5 32. Nd4 Bg5 33. Rd3
Bf4+ 34. g3 Bxe5 35. Nxe6 fxe6 36. Bxe5 Rf7 37. Rf3 Qf8 38. Kg2 Rxf3 39. Qxf3
Qxf3+ 40. Kxf3 Kf7 41. Ke4 Nb6 42. Bb2 Nc4 43. Bc1 Ke7 44. Kd4 Kd6 45. f4 a5
46. Ke4 axb4 47. axb4 g6 48. Kd4 Kd7 49. Kc5 Nd6 50. g4 Kc7 51. Bb2 Ne4+ 52.
Kxb5 Nf2 53. Bd4 Nd3 54. Kc4 Nc1 55. Kb5 Kb7 56. Be3 Nd3 57. Kc4 Ne1 58. Bd2
Nf3 59. Bc3 Ng1 60. Bd4 Nf3 61. Be3 h5 62. Kc5 Kc7 63. b5 hxg4 64. hxg4 Nh2 65.
g5 Nf1 66. Bf2 Nd2 67. b6+ Kb7 68. Be3 Ne4+ 69. Kd4 Nd6 70. Bf2 Kxb6 71. Ke5+
Kc6 72. Kxe6 Kc7 73. Bd4 Nf5 74. Be5+ Kd8 75. Kf6 Nh4 76. Bc3 Ke8 77. Be1 Ng2
78. Bg3 Kf8 79. Kxg6 Kg8 80. f5 Ne3 81. f6 Nc4 82. f7+ Kf8 83. Kf6 Ne5 84. Kxe5
Kxf7 85. Kf5 Kg7 86. g6 Kg8 87. Kf6 Kf8 88. g7+ Kg8 89. Be1 Kh7 90. Kf7 Kh6 91.
g8=Q Kh5 92. Qg3 Kh6 93. Qh4# 1-0

[Event "DVM U12 2016"]
[Site "Magdeburg GER"]
[Date "2016.12.27"]
[Round "2"]
[White "Nourzad, Shayan"]
[Black "Morgenstern, Tobias"]
[Result "1/2-1/2"]
[Termination "normal"]
[Board "8.2"]
[WhiteElo "1274"]
[BlackElo "1436"]
[WhiteTeam "Schachakademie Paderborn"]
[BlackTeam "Schachzwerge Magdeburg"]
[PlyCount "118"]
[WhiteFideId "16274890"]
[BlackFideId "12974390"]
[EventCountry "GER"]
[EventRounds "7"]
[EventType "team-swiss"]
[EventDate "2016.12.26"]

1. d4 Nf6 2. Nf3 c5 3. e3 g6 4. g3 Bg7 5. Bg2 O-O 6. O-O Nc6 7. c3 b6 8. Ne5
Ba6 9. Nxc6 dxc6 10. Re1 cxd4 11. exd4 Bb7 12. Nd2 Nd5 13. Nf1 Re8 14. Ne3 Rc8
15. Nxd5 cxd5 16. Be3 Qd7 17. Qd2 Qb5 18. Bf1 Qd7 19. Bh6 Qf5 20. Bxg7 Kxg7 21.
Bg2 h5 22. Re5 Qd7 23. h4 e6 24. Kh2 b5 25. a3 a5 26. Rc1 Rc7 27. Ree1 Rec8 28.
Qe3 Qd6 29. Qd2 b4 30. axb4 axb4 31. cxb4 Rxc1 32. Rxc1 Rxc1 33. Qxc1 Qxb4 34.
Qc3 Qxc3 35. bxc3 Ba6 36. f3 Kf8 37. Kg1 Ke7 38. Kf2 Kd6 39. Ke3 Kc6 40. Kf4 f6
41. g4 Kb5 42. Bf1+ Ka5 43. Bxa6 Kxa6 44. g5 fxg5+ 45. Kxg5 Kb5 46. Kxg6 Kc4
47. Kxh5 Kxc3 48. Kg6 e5 49. dxe5 d4 50. e6 d3 51. e7 d2 52. e8=Q d1=Q 53. Qc6+
Kb4 54. Qb6+ Kc4 55. Qe6+ Kb5 56. Qf6 Kb4 57. f4 Qg4+ 58. Qg5 Qe6+ 59. Kh5 Qe4
1/2-1/2

[Event "DVM U12 2016"]
[Site "Magdeburg GER"]
[Date "2016.12.27"]
[Round "2"]
[White "Li, Xianquan"]
[Black "Heutling, Elina"]
[Result "0-1"]
[Termination "normal"]
[Board "8.4"]
[WhiteElo "856"]
[BlackElo "1383"]
[WhiteTeam "Schachakademie Paderborn"]
[BlackTeam "Schachzwerge Magdeburg"]
[PlyCount "60"]
[WhiteFideId "16284356"]
[BlackFideId "16244729"]
[EventCountry "GER"]
[EventRounds "7"]
[EventType "team-swiss"]
[EventDate "2016.12.26"]

1. d4 d5 2. Nf3 Nf6 3. g3 e6 4. Bg2 c5 5. e3 Bd6 6. O-O O-O 7. Nbd2 Nbd7 8. b3
b5 9. Bb2 c4 10. bxc4 bxc4 11. a4 Qc7 12. Re1 c3 13. Ba3 cxd2 14. Nxd2 Bxa3 15.
Rxa3 e5 16. dxe5 Nxe5 17. e4 dxe4 18. Nxe4 Rb8 19. Nxf6+ gxf6 20. Be4 f5 21.
Qh5 fxe4 22. Rxe4 Rb1+ 23. Kg2 Bb7 24. Qg5+ Ng6 25. f3 Bxe4 26. fxe4 Qxc2+ 27.
Kh3 Rh1 28. Kg4 Qxe4+ 29. Kh3 Qe2 30. g4 Qxh2# 0-1

[Event "DVM U12 2016"]
[Site "Magdeburg GER"]
[Date "2016.12.27"]
[Round "2"]
[White "Franke, Josef"]
[Black "Sulayev, Daniel"]
[Result "0-1"]
[Termination "normal"]
[Board "9.1"]
[WhiteElo "1034"]
[BlackElo "1934"]
[WhiteTeam "SK Neumarkt"]
[BlackTeam "Schachpinguine Berlin"]
[PlyCount "72"]
[BlackFideId "12977675"]
[EventCountry "GER"]
[EventRounds "7"]
[EventType "team-swiss"]
[EventDate "2016.12.26"]

1. e4 c5 2. Nf3 Nc6 3. Bc4 e6 4. d4 cxd4 5. Nxd4 Nf6 6. Nc3 a6 7. Nf3 d6 8. Be3
Be7 9. O-O b5 10. Be2 b4 11. Na4 Nxe4 12. Bd3 Nf6 13. a3 bxa3 14. Rxa3 Nd5 15.
b3 Nxe3 16. fxe3 d5 17. Ra1 O-O 18. c4 Nb4 19. Bb1 Bb7 20. Nd4 Rc8 21. Qh5 g6
22. Qe2 dxc4 23. bxc4 Bf6 24. Kh1 Bxd4 25. exd4 Qxd4 26. Ba2 Nxa2 27. Rxa2 Qxc4
28. Qxc4 Rxc4 29. Nb6 Rd4 30. h3 Rfd8 31. Raf2 f5 32. Rf4 Rxf4 33. Rxf4 Rd2 34.
Nc4 Rxg2 35. Rh4 Rg4+ 36. Kh2 Rxh4 0-1

[Event "DVM U12 2016"]
[Site "Magdeburg GER"]
[Date "2016.12.27"]
[Round "2"]
[White "Morczynski, Joachim"]
[Black "Henseler, Daniel"]
[Result "1-0"]
[Termination "normal"]
[Board "9.2"]
[WhiteElo "1645"]
[BlackElo "1089"]
[WhiteTeam "Schachpinguine Berlin"]
[BlackTeam "SK Neumarkt"]
[PlyCount "33"]
[WhiteFideId "16209745"]
[EventCountry "GER"]
[EventRounds "7"]
[EventType "team-swiss"]
[EventDate "2016.12.26"]

1. e4 e5 2. Nc3 Nc6 3. Nf3 Nf6 4. d4 d6 5. dxe5 dxe5 6. Qxd8+ Kxd8 7. Bg5 Be7
8. O-O-O+ Bd7 9. Bb5 Ke8 10. Bxc6 Bxc6 11. Nxe5 Bxe4 12. Nxe4 Nxe4 13. Bxe7
Kxe7 14. Rhe1 Nxf2 15. Nd7+ Kd8 16. Rd2 Rc8 17. Nb6+ 1-0

[Event "DVM U12 2016"]
[Site "Magdeburg GER"]
[Date "2016.12.27"]
[Round "2"]
[White "Henseler, Sebastian"]
[Black "Franz, Franz Theodor"]
[Result "0-1"]
[Termination "normal"]
[Board "9.3"]
[WhiteElo "769"]
[BlackElo "1341"]
[WhiteTeam "SK Neumarkt"]
[BlackTeam "Schachpinguine Berlin"]
[PlyCount "48"]
[BlackFideId "12992674"]
[EventCountry "GER"]
[EventRounds "7"]
[EventType "team-swiss"]
[EventDate "2016.12.26"]

1. e4 e5 2. Bc4 Nf6 3. Nc3 Nxe4 4. Nxe4 d5 5. d3 dxc4 6. Nf3 Nc6 7. Bg5 f6 8.
Bh4 Bg4 9. O-O Nd4 10. Nxd4 Bxd1 11. Rfxd1 Qxd4 12. c3 Qd7 13. Bxf6 cxd3 14.
Rd2 Qc6 15. f3 gxf6 16. Rxd3 Bc5+ 17. Kf1 Rd8 18. Rxd8+ Kxd8 19. Rd1+ Ke7 20.
b4 Bb6 21. a4 Qxa4 22. Rd5 Rd8 23. Rxd8 Kxd8 24. Nxf6 Qd1# 0-1

[Event "DVM U12 2016"]
[Site "Magdeburg GER"]
[Date "2016.12.27"]
[Round "2"]
[White "Rosenhain, Jonathan"]
[Black "Reger, Christoph"]
[Result "1-0"]
[Termination "normal"]
[Board "9.4"]
[WhiteElo "1222"]
[BlackElo "920"]
[WhiteTeam "Schachpinguine Berlin"]
[BlackTeam "SK Neumarkt"]
[PlyCount "117"]
[WhiteFideId "16212169"]
[BlackFideId "16287606"]
[EventCountry "GER"]
[EventRounds "7"]
[EventType "team-swiss"]
[EventDate "2016.12.26"]

1. e4 e5 2. Nf3 Nc6 3. Bc4 Nf6 4. d4 exd4 5. O-O Nxe4 6. Re1 f5 7. Nxd4 Bc5 8.
Nxc6 bxc6 9. Be3 Bxe3 10. Rxe3 d5 11. Bb3 O-O 12. c4 dxc4 13. Bxc4+ Kh8 14. Rd3
Qf6 15. Nc3 Nxc3 16. Rxc3 Rd8 17. Qe2 h6 18. Bd3 Rb8 19. Rb1 Bd7 20. Ra3 Re8
21. Qc2 Ra8 22. h3 h5 23. Qd1 Rab8 24. Qxh5+ Kg8 25. Bc4+ Kf8 26. Qh8+ Ke7 27.
Re3+ Kd6 28. Qh5 Rxe3 29. fxe3 Rxb2 30. Rxb2 Qxb2 31. Qg6+ Kc5 32. Bb3 Qc1+ 33.
Kf2 f4 34. Qg5+ Kb6 35. Qxf4 Qd2+ 36. Kg3 Qe1+ 37. Kh2 a5 38. Qd4+ c5 39. Qxd7
Qxe3 40. Qxg7 Qf4+ 41. Qg3 Qxg3+ 42. Kxg3 a4 43. Bxa4 Ka5 44. Bc2 c4 45. h4 Kb4
46. h5 Kc3 47. Bf5 Kb2 48. h6 c3 49. h7 c2 50. Bxc2 Kxc2 51. h8=Q c5 52. Kf3 c4
53. Qd4 c3 54. Ke2 Kb1 55. Qxc3 Kxa2 56. Qb4 Ka1 57. Kd2 Ka2 58. Kc2 Ka1 59.
Qa3# 1-0

[Event "DVM U12 2016"]
[Site "Magdeburg GER"]
[Date "2016.12.27"]
[Round "2"]
[White "Hetzner, Hannes"]
[Black "Stockmann, Till"]
[Result "1-0"]
[Termination "normal"]
[Board "10.1"]
[WhiteElo "1558"]
[BlackElo "1688"]
[WhiteTeam "SC Erlangen"]
[BlackTeam "VfL Gräfenhainchen"]
[PlyCount "31"]
[WhiteFideId "16211936"]
[BlackFideId "12979341"]
[EventCountry "GER"]
[EventRounds "7"]
[EventType "team-swiss"]
[EventDate "2016.12.26"]

1. e4 c5 2. Nf3 d6 3. d4 cxd4 4. Nxd4 Nf6 5. Nc3 g6 6. Be3 Bg7 7. Bc4 O-O 8. f3
Nc6 9. Qd2 Bd7 10. h4 Rc8 11. Bb3 Nxd4 12. Bxd4 a5 13. h5 Kh8 14. h6 e5 15.
hxg7+ Kxg7 16. Qh6+ 1-0

[Event "DVM U12 2016"]
[Site "Magdeburg GER"]
[Date "2016.12.27"]
[Round "2"]
[White "Helbig, Fabian Linus"]
[Black "Högner, Tom"]
[Result "0-1"]
[Termination "normal"]
[Board "10.2"]
[WhiteElo "1088"]
[BlackElo "1550"]
[WhiteTeam "VfL Gräfenhainchen"]
[BlackTeam "SC Erlangen"]
[PlyCount "112"]
[WhiteFideId "12993751"]
[BlackFideId "12995436"]
[EventCountry "GER"]
[EventRounds "7"]
[EventType "team-swiss"]
[EventDate "2016.12.26"]

1. d4 d5 2. c4 e6 3. Nc3 Nf6 4. Bg5 Be7 5. e3 h6 6. Bh4 b6 7. Nf3 Bb7 8. Bd3
Nbd7 9. O-O O-O 10. Ne5 Nxe5 11. dxe5 Nd7 12. Bxe7 Qxe7 13. e4 dxc4 14. Bxc4
Nxe5 15. Be2 Rfd8 16. Qc2 Nc6 17. Bf3 Nd4 18. Qd3 Nb3 19. Nd5 exd5 20. Qxb3
dxe4 21. Rfe1 Rd3 22. Qc4 Re8 23. Be2 Rd7 24. Bg4 Bd5 25. Qd4 c5 26. Qa4 Rdd8
27. Rad1 Qg5 28. Bd7 Re7 29. Bc6 Re5 30. g3 Bxc6 31. Rxd8+ Qxd8 32. Qxc6 Re6
33. Qa4 Qe7 34. f3 exf3 35. Rxe6 Qxe6 36. Qd1 Qe3+ 37. Kf1 Qe2+ 38. Qxe2 fxe2+
39. Kxe2 Kf8 40. Kd3 b5 41. Kc3 Ke7 42. b4 c4 43. a4 a6 44. a5 Kd6 45. Kd4 h5
46. h3 f5 47. h4 g6 48. Ke3 Ke5 49. Kf3 Kd4 50. Ke2 c3 51. Kd1 Kc4 52. Kc2 Kxb4
53. Kc1 Kb3 54. Kb1 c2+ 55. Kc1 b4 56. g4 fxg4 0-1

[Event "DVM U12 2016"]
[Site "Magdeburg GER"]
[Date "2016.12.27"]
[Round "2"]
[White "Zeltner, Richard"]
[Black "Quinque, Pepe"]
[Result "1-0"]
[Termination "normal"]
[Board "10.3"]
[WhiteElo "1404"]
[BlackElo "872"]
[WhiteTeam "SC Erlangen"]
[BlackTeam "VfL Gräfenhainchen"]
[PlyCount "79"]
[WhiteFideId "12972703"]
[BlackFideId "16255550"]
[EventCountry "GER"]
[EventRounds "7"]
[EventType "team-swiss"]
[EventDate "2016.12.26"]

1. e4 e5 2. Nf3 Nc6 3. Bc4 Nf6 4. Ng5 d5 5. exd5 Nxd5 6. d4 Nxd4 7. c3 Nf5 8.
Qxd5 Qxd5 9. Bxd5 Nd6 10. Be3 c6 11. Bb3 Be7 12. Nf3 O-O 13. O-O Rd8 14. Nbd2
Nf5 15. Ne4 Nxe3 16. fxe3 h6 17. Nxe5 Be6 18. Bxe6 fxe6 19. Rad1 Rxd1 20. Rxd1
Kh7 21. Rd7 Re8 22. Rxb7 c5 23. Nc6 Bh4 24. g3 Bg5 25. Nxg5+ hxg5 26. Rxa7 e5
27. e4 Kh6 28. a4 g4 29. a5 Re6 30. Ra6 Rd6 31. Nb8 Rxa6 32. Nxa6 c4 33. Nc7
Kg6 34. a6 Kf7 35. a7 Ke7 36. a8=Q Kd7 37. Qb8 g6 38. Nd5 g5 39. Qc7+ Ke6 40.
Qe7# 1-0

[Event "DVM U12 2016"]
[Site "Magdeburg GER"]
[Date "2016.12.27"]
[Round "2"]
[White "Grunemann, Jonas"]
[Black "Wu, Wilfried"]
[Result "1-0"]
[Termination "normal"]
[Board "10.4"]
[WhiteElo "1019"]
[BlackElo "1241"]
[WhiteTeam "VfL Gräfenhainchen"]
[BlackTeam "SC Erlangen"]
[PlyCount "133"]
[WhiteFideId "16255577"]
[BlackFideId "16260775"]
[EventCountry "GER"]
[EventRounds "7"]
[EventType "team-swiss"]
[EventDate "2016.12.26"]

1. e4 e5 2. Nf3 Nc6 3. Nc3 Bc5 4. Nxe5 Nxe5 5. d4 Bxd4 6. Qxd4 Qf6 7. Be3 Ng4
8. Nd5 Qxd4 9. Bxd4 Kf8 10. Nxc7 Rb8 11. Bxa7 N8f6 12. f3 Ne3 13. Bxe3 b6 14.
e5 Ne8 15. Nxe8 Kxe8 16. Bb5 Bb7 17. O-O-O Bc6 18. Bxc6 dxc6 19. Rd6 c5 20.
Rhd1 h6 21. Rd7 g6 22. h4 Kf8 23. Rd8+ Kg7 24. Rxh8 Rxh8 25. Rd6 Rb8 26. Bf4
Ra8 27. a3 Ra4 28. Bg3 b5 29. Bh2 Rxh4 30. Bg3 Rh5 31. Rd7 Kf8 32. Rd5 Rh1+ 33.
Kd2 Rg1 34. Kc3 Rxg2 35. Be1 Re2 36. Bh4 g5 37. Bxg5 hxg5 38. Rxc5 Re3+ 39. Kb4
Rxf3 40. e6 f6 41. Rc7 Re3 42. Kxb5 g4 43. Rf7+ Kg8 44. Rxf6 Re5+ 45. Kc6 g3
46. Rg6+ Kf8 47. Rxg3 Rxe6+ 48. Kb5 Re2 49. Rc3 Re5+ 50. Rc5 Re8 51. b4 Rb8+
52. Kc4 Ra8 53. Ra5 Rc8+ 54. Kb3 Ke7 55. Ra6 Kd7 56. c4 Kc7 57. b5 Kb7 58. Kb4
Kb8 59. c5 Kb7 60. c6+ Kb8 61. Kc5 Kc7 62. Ra7+ Kd8 63. Kb6 Rb8+ 64. Rb7 Rc8
65. Ka7 Ke8 66. Rb8 Kd8 67. Kb7 1-0

[Event "DVM U12 2016"]
[Site "Magdeburg GER"]
[Date "2016.12.28"]
[Round "4"]
[White "Nguyen, Alex Dac-Vuong"]
[Black "Wu, Leon"]
[Result "1-0"]
[Termination "normal"]
[Board "1.1"]
[WhiteElo "2098"]
[BlackElo "1839"]
[WhiteClock "00:47:07"]
[BlackClock "00:47:54"]
[WhiteTeam "BSG Grün-Weiß Leipzig"]
[BlackTeam "SK Mannheim-Lindenhof"]
[PlyCount "105"]
[WhiteFideId "12984388"]
[BlackFideId "12977438"]
[EventCountry "GER"]
[EventRounds "7"]
[EventType "team-swiss"]
[EventDate "2016.12.26"]

1. e4 c5 2. c3 d5 3. exd5 Qxd5 4. d4 cxd4 5. cxd4 Nc6 6. Nf3 e6 7. Nc3 Qd8 8.
Bc4 Nf6 9. O-O Bd6 10. Bg5 Be7 11. Rc1 O-O 12. a3 b6 13. Qd2 Bb7 14. Rfd1 Rc8
15. Qe2 Rc7 16. Rc2 Qa8 17. b4 Rfc8 18. Nb5 Rd7 19. Bxe6 Nxd4 20. Rxc8+ Bxc8
21. Bxf7+ Kxf7 22. Nbxd4 Kg8 23. Qe6+ Kh8 24. Ne5 Bf8 25. Bxf6 gxf6 26. Nxd7
Bxd7 27. Qxd7 Qe4 28. Qf7 Qe7 29. Qxe7 Bxe7 30. Nc6 Bf8 31. Nxa7 Kg7 32. Nc8 b5
33. Rd8 Kf7 34. Nd6+ Kg7 35. Rxf8 Kxf8 36. Nxb5 Ke7 37. a4 Ke6 38. a5 Kd5 39.
a6 Kc6 40. a7 Kb7 41. g4 Ka8 42. f4 h6 43. h4 Kb7 44. g5 hxg5 45. hxg5 fxg5 46.
fxg5 Ka8 47. g6 Kb7 48. g7 Kb6 49. a8=Q Kxb5 50. g8=Q Kxb4 51. Qgc8 Kb5 52.
Qab7+ Ka4 53. Qca8# 1-0

[Event "DVM U12 2016"]
[Site "Magdeburg GER"]
[Date "2016.12.28"]
[Round "4"]
[White "Wu, Luka"]
[Black "Wagner, Leopold Franziskus"]
[Result "1/2-1/2"]
[Termination "normal"]
[Board "1.2"]
[WhiteElo "1735"]
[BlackElo "1769"]
[WhiteClock "00:45:53"]
[BlackClock "00:56:49"]
[WhiteTeam "SK Mannheim-Lindenhof"]
[BlackTeam "BSG Grün-Weiß Leipzig"]
[PlyCount "82"]
[WhiteFideId "12977420"]
[BlackFideId "1641581"]
[EventCountry "GER"]
[EventRounds "7"]
[EventType "team-swiss"]
[EventDate "2016.12.26"]

1. e4 e6 2. d4 d5 3. Nc3 dxe4 4. Nxe4 Nd7 5. Nf3 Ngf6 6. Nxf6+ Nxf6 7. Bd3 Bd6
8. O-O O-O 9. b3 b6 10. Bb2 Bb7 11. Ne5 c5 12. Ng4 cxd4 13. Bxd4 Nxg4 14. Qxg4
e5 15. Bb2 Re8 16. Rfe1 Qc7 17. Re3 g6 18. Be4 Re7 19. Bxb7 Qxb7 20. c4 Rae8
21. Rd3 Bc5 22. Rad1 Qc8 23. Qxc8 Rxc8 24. Rd8+ Rxd8 25. Rxd8+ Kg7 26. Kf1 f6
27. Ke2 Kf7 28. Bc3 Ke6 29. f3 Rd7 30. Re8+ Kf7 31. Rh8 Kg7 32. Rc8 Kf7 33. Ra8
Ke6 34. Rc8 Bd6 35. a4 Rc7 36. Re8+ Re7 37. Ra8 Rc7 38. h3 a5 39. Re8+ Kf7 40.
Ra8 Ke6 41. Re8+ Kf7 1/2-1/2

[Event "DVM U12 2016"]
[Site "Magdeburg GER"]
[Date "2016.12.28"]
[Round "4"]
[White "Haufe, Laurin"]
[Black "Hardt, Anton"]
[Result "1-0"]
[Termination "normal"]
[Board "1.3"]
[WhiteElo "1661"]
[BlackElo "1417"]
[WhiteClock "01:03:01"]
[BlackClock "00:14:03"]
[WhiteTeam "BSG Grün-Weiß Leipzig"]
[BlackTeam "SK Mannheim-Lindenhof"]
[PlyCount "39"]
[WhiteFideId "12976504"]
[BlackFideId "16239466"]
[EventCountry "GER"]
[EventRounds "7"]
[EventType "team-swiss"]
[EventDate "2016.12.26"]

1. e4 d6 2. d4 Nf6 3. Nc3 g6 4. f4 Bg7 5. Nf3 O-O 6. Bc4 c6 7. O-O b5 8. Bd3
Qb6 9. Kh1 Re8 10. Be3 Ng4 11. Bg1 Qc7 12. Qe1 e5 13. d5 Bb7 14. dxc6 Bxc6 15.
Bxb5 exf4 16. Qd2 Bxb5 17. Nxb5 Rxe4 18. Nxc7 Ne3 19. Rfe1 Nd7 20. Nxa8 1-0

[Event "DVM U12 2016"]
[Site "Magdeburg GER"]
[Date "2016.12.28"]
[Round "4"]
[White "Gündel, Marius"]
[Black "Rose, Noah"]
[Result "0-1"]
[Termination "normal"]
[Board "1.4"]
[WhiteElo "1335"]
[BlackElo "1547"]
[WhiteTeam "SK Mannheim-Lindenhof"]
[BlackTeam "BSG Grün-Weiß Leipzig"]
[PlyCount "48"]
[BlackFideId "12990191"]
[EventCountry "GER"]
[EventRounds "7"]
[EventType "team-swiss"]
[EventDate "2016.12.26"]

1. e4 c5 2. Nf3 d6 3. d4 cxd4 4. Nxd4 Nf6 5. Nc3 a6 6. f3 e5 7. Nb3 Be6 8. Be3
Be7 9. Qd2 b5 10. O-O-O Nbd7 11. g4 Nb6 12. Qf2 Nc4 13. Bxc4 Bxc4 14. h4 a5 15.
Bb6 Qc8 16. Bxa5 Bxb3 17. Bb4 Bc4 18. Bxd6 Bxd6 19. Rxd6 O-O 20. h5 Rd8 21.
Rxd8+ Qxd8 22. g5 Nd7 23. h6 Qxg5+ 24. Kb1 g6 0-1

[Event "DVM U12 2016"]
[Site "Magdeburg GER"]
[Date "2016.12.28"]
[Round "4"]
[White "Liebold, Aaron"]
[Black "Kotyk, Michael"]
[Result "1-0"]
[Termination "normal"]
[Board "2.1"]
[WhiteElo "1746"]
[BlackElo "1889"]
[WhiteClock "00:10:31"]
[BlackClock "00:07:09"]
[WhiteTeam "ESV Gera"]
[BlackTeam "Hamburger SK"]
[PlyCount "119"]
[WhiteFideId "12997846"]
[BlackFideId "16214501"]
[EventCountry "GER"]
[EventRounds "7"]
[EventType "team-swiss"]
[EventDate "2016.12.26"]

1. e4 e5 2. Nf3 Nc6 3. Bc4 Nf6 4. d3 d5 5. exd5 Nxd5 6. O-O Bc5 7. Re1 O-O 8.
Bxd5 Qxd5 9. Nc3 Qd8 10. Be3 Be7 11. d4 Bg4 12. d5 Nd4 13. Bxd4 exd4 14. Qxd4
Bxf3 15. gxf3 Bf6 16. Qc4 Bxc3 17. Qxc3 Qxd5 18. Rad1 Qg5+ 19. Kh1 Rad8 20.
Rxd8 Qxd8 21. Re3 Qd7 22. Qe1 Qd5 23. b3 h6 24. Qe2 c5 25. Kg2 Qg5+ 26. Kf1 Qh4
27. Kg1 a6 28. Re8 Qg5+ 29. Kf1 Qc1+ 30. Kg2 b5 31. Qe7 Qg5+ 32. Qxg5 hxg5 33.
Re5 Rc8 34. c4 Rc6 35. Rxg5 Kf8 36. Rd5 Ke7 37. f4 Ke6 38. Kf3 Rc8 39. Ke4 g6
40. f5+ gxf5+ 41. Rxf5 f6 42. h4 Kf7 43. h5 bxc4 44. bxc4 Re8+ 45. Kf3 Rc8 46.
Ke4 Re8+ 47. Kd5 Re2 48. Kxc5 Rxa2 49. Kb6 Rc2 50. c5 Ke6 51. Rf3 a5 52. c6 a4
53. Re3+ Kf7 54. Ra3 Rxf2 55. Rxa4 Kg7 56. Ra5 Rb2+ 57. Rb5 Rc2 58. c7 f5 59.
Rxf5 Rb2+ 60. Rb5 1-0